000 00626nam a2200145Ia 4500
005 20260209120128.0
008 260209s9999||||xx |||||||||||||| ||und||
100 _aVimal Preet Kaur
245 0 _aDevelopment induced displacement, rehabilitation resettlement : a case study of Narmada valley
260 _aBangaloreBangalore
_bNLSIU
_c2010
300 _a170 p. ; 25 cm.
650 _aDisplacement of People - Narmada Valley Rehabilitation & Resettlement - Displaced People - India
700 _aProf. (Dr.) V Vijayakumar - GuideProf. (Dr.) V Vijayakumar - Guide
856 _uhttps://dans.nls.ac.in/handle/123456789/1958
999 _c216944
_d216944